| 000 | 00617nam a22001937a 4500 | ||
|---|---|---|---|
| 999 |
_c16625 _d16625 |
||
| 003 | AR-CdUCM | ||
| 008 | 190504b ||||| |||| 00| 0 spa d | ||
| 040 |
_aMUNICIPALIDAD PROVINCIAL DEL CUSCO _cBIBLIOTECA MUNICIPAL DEL CUSCO |
||
| 082 |
_a803.08 / _bD724 |
||
| 100 |
_aDostoievski, Fedor _910078 |
||
| 245 | _aEra cariñosa y humilde / | ||
| 300 |
_a109 páginas ; _c17 cm. |
||
| 505 | _aContenido: El sueño de un hombre ridículo -- Era cariñosa y humilde -- Bobok. | ||
| 650 |
_aNovelas _9218 |
||
| 650 |
_aDostoievski _936180 |
||
| 650 |
_aBobok _936181 |
||
| 942 |
_2ddc _cLIBROS |
||
| 945 |
_adavv _d04/05/2019 |
||